| 000 | 00470nam a2200181Ia 4500 | ||
|---|---|---|---|
| 001 | 10150 | ||
| 005 | 20260306161810.0 | ||
| 008 | 260306t2010||||xx |||||||||||||| ||spa|| | ||
| 041 | _aESP | ||
| 082 |
_a901 _bR35 |
||
| 100 |
_aRegalado de Hurtado, Liliana _eAUT |
||
| 245 | 0 |
_aHistoriografía Occidental: _bun tránsito por los predios de Clío |
|
| 260 | _c2010 | ||
| 300 |
_a491 páginas : _c24 cm. |
||
| 650 | _aGEN | ||
| 654 | _aCHU | ||
| 942 |
_cLIB _dJUS _fJUS _2ddc _n |
||
| 999 |
_c10150 _d10150 |
||